[Event "World Open: 5-Day "]
[Site "Philadelphia, PA"]
[Date "2002.07.05"]
[Round "5"]
[White "Anka, Emil"]
[Black "Rowson, Jonathan"]
[Result "1/2-1/2"]
[WhiteElo "2580"]
[BlackElo "2627"]
[PlyCount "109"]
[EventDate "2002.??.??"]

1. e4 c5 2. Nf3 d6 3. d4 Nf6 4. Nc3 cxd4 5. Nxd4 a6 6. Be3 e5 7. Nb3 Be6 8. Qd2
Nbd7 9. f3 b5 10. a4 b4 11. Nd5 Bxd5 12. exd5 Nb6 13. Bxb6 Qxb6 14. a5 Qb7 15.
Bc4 Be7 16. Ra4 Rb8 17. Nc1 O-O 18. Na2 Qc7 19. b3 e4 20. Nxb4 e3 21. Qc3 Ne4
22. fxe4 Bf6 23. Qd3 Rxb4 24. Ra2 Re8 25. O-O Qa7 26. Re1 Bg5 27. Re2 h5 28. c3
Rbb8 29. b4 Ra8 30. Ra1 Re5 31. Rf1 g6 32. g3 Rae8 33. Bxa6 Rxe4 34. Bb5 R8e5
35. Bc6 h4 36. Qb5 hxg3 37. Qb7 gxh2+ 38. Kh1 Re7 39. Qxa7 Rxa7 40. Ra1 Bf6 41.
b5 Bxc3 42. b6 Rxa5 43. Rb1 Ra1 44. Rxa1 Bxa1 45. b7 Rb4 46. Kxh2 Bd4 47. Kg2
g5 48. Kf3 f5 49. Rg2 g4+ 50. Kf4 Ba7+ 51. Kxf5 Kf7 52. Ra2 Bc5 53. Rg2 Ba7 54.
Ra2 Bc5 55. Rg2 1/2-1/2

[Event "World Open: 5-Day "]
[Site "Philadelphia, PA"]
[Date "2002.07.05"]
[Round "5"]
[White "Burnett, Ronald W"]
[Black "Morovic, Ivan"]
[Result "1/2-1/2"]
[WhiteElo "2472"]
[BlackElo "2615"]
[PlyCount "31"]
[EventDate "2002.??.??"]

1. e4 e5 2. Nf3 Nc6 3. Bb5 a6 4. Ba4 Nf6 5. O-O Be7 6. Re1 b5 7. Bb3 d6 8. a4
Bd7 9. c3 Na5 10. Bc2 c5 11. d4 Qb8 12. axb5 axb5 13. b3 O-O 14. Nbd2 Qc7 15.
Bb2 c4 16. bxc4 1/2-1/2

[Event "World Open: 5-Day "]
[Site "Philadelphia, PA"]
[Date "2002.07.05"]
[Round "5"]
[White "Gardner, Lee"]
[Black "Roper, David"]
[Result "0-1"]
[WhiteElo "2052"]
[BlackElo "2282"]
[PlyCount "54"]
[EventDate "2002.??.??"]

1. e4 c5 2. Nf3 e6 3. d3 Nc6 4. g3 d5 5. Nbd2 Nf6 6. Bg2 b6 7. O-O Bb7 8. Re1
Be7 9. e5 Nd7 10. Qe2 g5 11. h3 Qc7 12. c3 O-O-O 13. a3 h5 14. g4 Rdg8 15. b4
Nf8 16. Nb3 Ng6 17. b5 Nd8 18. Nxg5 hxg4 19. hxg4 Nh4 20. f4 Nxg2 21. Kxg2 Bxg5
22. fxg5 d4+ 23. Kg3 dxc3 24. Rb1 f5 25. Bf4 Qh7 26. Kf2 Qh4+ 27. Bg3 Qxg5 0-1

[Event "World Open: 5-Day "]
[Site "Philadelphia, PA"]
[Date "2002.07.05"]
[Round "5"]
[White "Kaufman, Lawrence"]
[Black "Potter, John R"]
[Result "0-1"]
[WhiteElo "2446"]
[BlackElo "2258"]
[PlyCount "80"]
[EventDate "2002.??.??"]

1. d4 Nf6 2. c4 c5 3. d5 g6 4. Nc3 Bg7 5. e4 d6 6. Be2 O-O 7. Nf3 e6 8. O-O
exd5 9. exd5 Bg4 10. Bf4 a6 11. h3 Bxf3 12. Bxf3 Ne8 13. Qc2 Nd7 14. Be2 Rb8
15. Rab1 Bd4 16. Qd2 f5 17. Rfe1 Qh4 18. Bf1 Ne5 19. Nd1 Nf6 20. Bg5 Ne4 21.
Bxh4 Nxd2 22. Nc3 Nxb1 23. Rxb1 Rf7 24. Ne2 f4 25. Nxd4 cxd4 26. Rd1 h6 27. f3
g5 28. Bf2 d3 29. Bxd3 Nxd3 30. Rxd3 Rc8 31. Rd4 Rfc7 32. b3 b5 33. cxb5 Rc1+
34. Kh2 axb5 35. Re4 R8c2 36. Bd4 Rd1 37. h4 Rdd2 38. hxg5 Rxg2+ 39. Kh1 Rh2+
40. Kg1 Rhd2 0-1

[Event "World Open: 5-Day "]
[Site "Philadelphia, PA"]
[Date "2002.07.05"]
[Round "5"]
[White "Miton, Kamil"]
[Black "Siegel, Noah J"]
[Result "1-0"]
[WhiteElo "2537"]
[BlackElo "2333"]
[PlyCount "66"]
[EventDate "2002.??.??"]

1. d4 d5 2. c4 c6 3. e3 Nf6 4. Nf3 Bg4 5. Nc3 e6 6. h3 Bxf3 7. Qxf3 Bd6 8. Bd3
O-O 9. O-O Nbd7 10. Bd2 dxc4 11. Bxc4 e5 12. Bb3 Qe7 13. dxe5 Nxe5 14. Qe2 Rfe8
15. Bc2 Rad8 16. Rac1 b5 17. Ne4 Nxe4 18. Bxe4 Qc7 19. Bc3 b4 20. Bd2 c5 21.
Bd5 Nd7 22. Bc4 Nb6 23. Bb5 Re7 24. Rc2 Qb7 25. Rfc1 a5 26. Be1 Rc7 27. e4 Re7
28. f3 Qc7 29. Bd2 Rc8 30. Qd3 Re6 31. Ba6 Rb8 32. e5 Be7 33. f4 Na4 {
The rest of the scoresheet couldn't be deciphered.} 1-0

[Event "World Open: 5-Day "]
[Site "Philadelphia, PA"]
[Date "2002.07.05"]
[Round "5"]
[White "Sarkar, Justin"]
[Black "Bartholomew, John"]
[Result "0-1"]
[WhiteElo "2435"]
[BlackElo "2246"]
[PlyCount "58"]
[EventDate "2002.??.??"]

1. d4 Nf6 2. c4 c5 3. d5 b5 4. cxb5 a6 5. b6 e6 6. Nc3 Nxd5 7. Nxd5 exd5 8.
Qxd5 Nc6 9. Nf3 Rb8 10. Ne5 Qf6 11. Nxc6 dxc6 12. Qe4+ Be7 13. Bf4 Rxb6 14. Be5
Qe6 15. Qf4 O-O 16. Bc3 Bd6 17. Qg5 f6 18. Qh4 Be5 19. e3 Bxc3+ 20. bxc3 Qe5
21. Bc4+ Kh8 22. Rc1 Be6 23. O-O Rd8 24. Rfd1 Rxd1+ 25. Rxd1 g5 26. Rd8+ Kg7
27. Qh5 Rb1+ 28. Bf1 Qxc3 29. h4 Qe1 0-1

[Event "World Open: 5-Day "]
[Site "Philadelphia, PA"]
[Date "2002.07.05"]
[Round "5"]
[White "Shapiro, Daniel E"]
[Black "Vovsha, Eli"]
[Result "1-0"]
[WhiteElo "2321"]
[BlackElo "2486"]
[PlyCount "95"]
[EventDate "2002.??.??"]

1. d4 d6 2. e4 Nf6 3. Nc3 g6 4. h3 Nbd7 5. Nge2 Bg7 6. g3 Rb8 7. a4 c5 8. Be3
b6 9. Bg2 O-O 10. O-O Bb7 11. g4 a6 12. Ng3 Ne8 13. Nce2 b5 14. axb5 axb5 15.
Qd2 Nb6 16. b3 Qc7 17. Ra5 Qc6 18. dxc5 dxc5 19. Nf4 Nc7 20. Nd5 Ncxd5 21. exd5
Qd7 22. Bxc5 Nxd5 23. Ra7 Rfd8 24. Rd1 e6 25. c4 Qc7 26. Qa5 Qxc5 27. Rxb7 Bc3
28. Qxb5 Qxb5 29. Rxb5 Rxb5 30. cxb5 Be5 31. Nf1 Bc7 32. Bxd5 exd5 33. Ne3 d4
34. Nc4 f6 35. b6 Bf4 36. Rd3 Kf7 37. Kg2 Ke6 38. Kf3 Be5 39. Rd1 Rd7 40. Ke4
f5+ 41. gxf5+ gxf5+ 42. Kd3 Bf6 43. Ra1 Rd5 44. b7 Rb5 45. Ra6+ Ke7 46. Rb6
Rxb6 47. Nxb6 Be5 48. Nc4 1-0

[Event "World Open: 5-Day "]
[Site "Philadelphia, PA"]
[Date "2002.07.05"]
[Round "5"]
[White "Shivaji, Shivkumar"]
[Black "Tegshsuren, Enkhbat"]
[Result "0-1"]
[WhiteElo "2246"]
[BlackElo "2483"]
[PlyCount "77"]
[EventDate "2002.??.??"]

1. e4 c6 2. c4 d5 3. exd5 cxd5 4. cxd5 Qxd5 5. Nc3 Qd6 6. d4 Nf6 7. Nf3 e6 8.
Bd3 Nc6 9. O-O Be7 10. Bg5 h6 11. Bh4 O-O 12. Rc1 Nh5 13. Nb5 Qd8 14. Bxe7 Nxe7
15. Ne5 Nf6 16. Bb1 Bd7 17. Nc3 Bc6 18. Qd3 Re8 19. Rfe1 Rc8 20. Rcd1 Ned5 21.
Qh3 Qb6 22. Ne4 Nxe4 23. Rxe4 Qxb2 24. Qh5 Rc7 25. Ng4 Kf8 26. Nxh6 gxh6 27.
Qxh6+ Ke7 28. Qg7 Kd8 29. Qg5+ Kc8 30. Ree1 Nc3 31. Rd2 Qb5 32. d5 Nxb1 33. a4
Qc5 34. Rxb1 Bxd5 35. h4 f6 36. Qe3 Rg8 37. g3 Qxe3 38. fxe3 Rxg3+ 39. Kh2 0-1

[Event "World Open: 5-Day "]
[Site "Philadelphia, PA"]
[Date "2002.07.05"]
[Round "5"]
[White "Strugatsky, Vladimir"]
[Black "Tidoy, Pedro P"]
[Result "1-0"]
[WhiteElo "2495"]
[BlackElo "2226"]
[PlyCount "93"]
[EventDate "2002.??.??"]

1. d4 Nf6 2. Nf3 e6 3. c4 c5 4. d5 exd5 5. cxd5 d6 6. Nc3 g6 7. Bf4 a6 8. a4
Bg7 9. e4 Bg4 10. Be2 Bxf3 11. Bxf3 O-O 12. O-O Ne8 13. a5 Nd7 14. Qd2 b5 15.
axb6 Qxb6 16. Be2 Ne5 17. Rfb1 Nc7 18. b4 cxb4 19. Na4 Qb7 20. Rxb4 Nb5 21.
Rab1 Qc7 22. Be3 Rab8 23. f4 Nd7 24. Rc4 Qd8 25. Rc6 Nf6 26. Bf3 Re8 27. e5
dxe5 28. fxe5 Nd7 29. Bg5 f6 30. exf6 Bxf6 31. Bxf6 Nxf6 32. Nc5 Rb6 33. Qa5
Rxc6 34. Qxd8 Rxd8 35. dxc6 Nc7 36. Rb7 Nfe8 37. Bg4 Rd6 38. Bd7 Kf8 39. Bxe8
Nxe8 40. c7 Rc6 41. Ne6+ Kg8 42. Rb8 Rc1+ 43. Kf2 Kf7 44. c8=Q Rxc8 45. Rxc8
Nd6 46. Ng5+ Kf6 47. Rc6 1-0

[Event "World Open: 7-Day"]
[Site "Philadelphia, PA"]
[Date "2002.07.04"]
[Round "4"]
[White "Culbeaux, Oscar T"]
[Black "Gershov, Yevgeniy"]
[Result "1/2-1/2"]
[WhiteElo "2273"]
[BlackElo "2395"]
[PlyCount "81"]
[EventDate "2002.??.??"]

1. e4 c5 2. Nc3 Nc6 3. g3 g6 4. Bg2 Bg7 5. d3 e6 6. Be3 d6 7. Qd2 Nd4 8. Nge2
Ne7 9. Nd1 Nxe2 10. Qxe2 O-O 11. h4 Nc6 12. h5 Re8 13. Qd2 Rb8 14. hxg6 hxg6
15. Bh6 Bf6 16. c3 b5 17. Ne3 Bg5 18. f4 Bxh6 19. Rxh6 Kg7 20. Rh2 Bd7 21. Kf2
Qe7 22. Rah1 Rh8 23. g4 Rxh2 24. Rxh2 f6 25. Qc1 Rh8 26. Rxh8 Kxh8 27. Qh1+ Qh7
28. Nc2 Qxh1 29. Bxh1 g5 30. fxg5 fxg5 31. d4 e5 32. d5 Na5 33. Ne3 c4 34. Ke2
Nb7 35. b4 cxb3 36. axb3 Na5 37. b4 Nc4 38. Bg2 Nb6 39. Bf3 Kg7 40. Kd2 Kf7 41.
Kc1 1/2-1/2

[Event "World Open: 7-Day"]
[Site "Philadelphia, PA"]
[Date "2002.07.04"]
[Round "4"]
[White "Formanek, Edward W"]
[Black "Mulyar, Michael A"]
[Result "1-0"]
[WhiteElo "2309"]
[BlackElo "2524"]
[PlyCount "137"]
[EventDate "2002.??.??"]

1. e4 e5 2. Nf3 Nc6 3. Bb5 a6 4. Bxc6 dxc6 5. O-O Bg4 6. h3 h5 7. d3 Qf6 8. Be3
Bxf3 9. Qxf3 Qxf3 10. gxf3 Bd6 11. Nd2 Ne7 12. Nc4 f6 13. f4 exf4 14. Nxd6+
cxd6 15. Bxf4 Kd7 16. Kh1 Rae8 17. Rg1 g5 18. Bh2 Reg8 19. f4 g4 20. f5 gxh3
21. Rg3 d5 22. Rag1 Rxg3 23. Rxg3 Rg8 24. Rxg8 Nxg8 25. Bf4 dxe4 26. dxe4 Ne7
27. Kh2 c5 28. Kxh3 Nc6 29. c3 Ke7 30. Kh4 Kf7 31. Kxh5 Na5 32. Kg4 b5 33. b3
c4 34. b4 Nc6 35. Bd6 Ke8 36. Kf4 Kd7 37. e5 Nd8 38. Bc5 fxe5+ 39. Kxe5 Nc6+
40. Kf6 Nd8 41. Kg7 Ke8 42. Be3 Nc6 43. Bg5 Ne5 44. Bf6 Nf7 45. Bd4 Nd8 46. Bb6
Nc6 47. Bc7 Kd7 48. Bf4 Ke8 49. Bg5 Ne5 50. Kf6 Nf7 51. Bf4 Nd8 52. Bc7 Nf7 53.
Bb6 Kf8 54. Ke6 Ng5+ 55. Kd5 Kf7 56. Kc6 Kf6 57. Kb7 Kxf5 58. Kxa6 Ke4 59. Kxb5
Kd3 60. a4 Ne4 61. a5 Nxc3+ 62. Kc6 Ne4 63. Bc7 c3 64. Bf4 Nd2 65. a6 Nc4 66.
Bc1 Ke2 67. a7 Ne5+ 68. Kb5 Kd1 69. Ba3 1-0

[Event "World Open: 7-Day"]
[Site "Philadelphia, PA"]
[Date "2002.07.04"]
[Round "4"]
[White "Friedman, Josef I"]
[Black "Mucerino, Joseph J"]
[Result "1/2-1/2"]
[WhiteElo "2242"]
[BlackElo "1981"]
[PlyCount "58"]
[EventDate "2002.??.??"]

1. d4 Nf6 2. c4 c5 3. e3 cxd4 4. exd4 g6 5. Nc3 Bg7 6. Nf3 O-O 7. Be2 d5 8.
cxd5 Nxd5 9. O-O Nc6 10. h3 Bf5 11. a3 Rc8 12. g4 Be6 13. Ne4 Qb6 14. Be3 Qxb2
15. Qd3 Qb6 16. Nc5 Qc7 17. Nxe6 fxe6 18. Rac1 Qd6 19. Kg2 e5 20. dxe5 Nxe5 21.
Nxe5 Qxe5 22. Qb3 Rxc1 23. Rxc1 Kh8 24. Bf3 Nxe3+ 25. Qxe3 Qxe3 26. fxe3 Bb2
27. Rb1 Bxa3 28. Rxb7 Bc5 29. Rc7 Bd6 1/2-1/2

[Event "World Open: 7-Day "]
[Site "Philadelphia, PA"]
[Date "2002.07.04"]
[Round "3"]
[White "Patterson, Roger"]
[Black "Rogers, Norman"]
[Result "1-0"]
[WhiteElo "2246"]
[BlackElo "2347"]
[PlyCount "77"]
[EventDate "2002.??.??"]

1. e4 c6 2. d4 g6 3. Nc3 d5 4. Nf3 Bg7 5. Be2 Bg4 6. Be3 Nh6 7. Qd2 dxe4 8. Ne5
Bxe2 9. Bxh6 Bxe5 10. dxe5 Qxd2+ 11. Kxd2 Ba6 12. Nxe4 Nd7 13. Kc3 Rg8 14. Rhe1
O-O-O 15. Ng5 Nb6 16. Nxf7 Na4+ 17. Kb3 Rd4 18. Be3 Nc5+ 19. Kc3 Rc4+ 20. Kd2
Ne4+ 21. Kc1 Nxf2 22. Bxf2 Rf4 23. Nh6 Rgf8 24. Bg3 Rf1 25. Kd2 Rxe1 26. Rxe1
Bf1 27. Ke3 Bxg2 28. Re2 Bd5 29. b3 Rf1 30. Rf2 Ra1 31. a4 b5 32. axb5 cxb5 33.
Kd4 Be6 34. Kc5 a6 35. Kc6 Bd7+ 36. Kb6 Be6 37. Rd2 Ra2 38. Bh4 g5 39. Bxg5 1-0

[Event "World Open: Open Section"]
[Site "Philadelphia, PA"]
[Date "2002.07.06"]
[Round "6"]
[White "Burnett, Ronald W"]
[Black "Anka, Emil"]
[Result "1-0"]
[WhiteElo "2472"]
[BlackElo "2580"]
[PlyCount "103"]
[EventDate "2002.??.??"]

1. Nf3 Nf6 2. c4 b6 3. g3 Bb7 4. Bg2 e6 5. O-O Be7 6. d4 O-O 7. Nc3 Ne4 8. Bd2
Bf6 9. Qc2 Nxd2 10. Qxd2 d6 11. e4 Nd7 12. b3 e5 13. Rad1 g6 14. dxe5 Nxe5 15.
Nd4 Nc6 16. Nde2 Bg7 17. f4 a6 18. Nd5 b5 19. Qc2 Ne7 20. Ne3 Re8 21. c5 Qb8
22. cxd6 Qa7 23. dxe7 Qxe3+ 24. Kh1 Rxe7 25. e5 Bxg2+ 26. Kxg2 f6 27. Nc3 Qc5
28. Rd2 Re6 29. Nd5 Qxc2 30. Rxc2 Rc8 31. exf6 Bxf6 32. Rfc1 Bd8 33. Kf3 Rd6
34. Ke4 Re6+ 35. Kf3 Rd6 36. Nb4 Ra8 37. Nc6 Rc8 38. Nb4 Ra8 39. Rc6 Rd2 40.
R1c2 Rxc2 41. Nxc2 Kf7 42. Nb4 a5 43. Nd5 a4 44. b4 Ra7 45. g4 a3 46. f5 gxf5
47. gxf5 Be7 48. Rh6 Bxb4 49. Nxb4 Ra4 50. Nc6 b4 51. Rh4 b3 52. Rxa4 1-0

[Event "World Open: Open Section"]
[Site "Philadelphia, PA"]
[Date "2002.07.06"]
[Round "6"]
[White "Casella, Michael"]
[Black "Schmaltz, Roland"]
[Result "0-1"]
[WhiteElo "2356"]
[BlackElo "2586"]
[PlyCount "116"]
[EventDate "2002.??.??"]

1. e4 d6 2. d4 Nf6 3. Nc3 g6 4. f4 Bg7 5. Nf3 O-O 6. Bd3 Nc6 7. O-O e5 8. fxe5
dxe5 9. d5 Nd4 10. Nxe5 Nxe4 11. Bxe4 Bxe5 12. Bf4 Bg7 13. Qd2 Nf5 14. Nb5 Nd6
15. Nxd6 cxd6 16. c3 Bd7 17. Rae1 Re8 18. Kh1 Qb6 19. Bf3 a5 20. h3 a4 21.
Rxe8+ Rxe8 22. Re1 Rxe1+ 23. Qxe1 Bf6 24. Qd2 Qc5 25. a3 h5 26. Qe3 Qxe3 27.
Bxe3 Be5 28. Bd1 h4 29. Kg1 Kg7 30. Kf2 f6 31. Bd2 g5 32. b3 axb3 33. Bxb3 Kg6
34. a4 f5 35. a5 Kf6 36. Bc4 Ba4 37. a6 bxa6 38. Bxa6 Bc2 39. Be2 Bg3+ 40. Kf1
Be4 41. Bf3 Bf4 42. Bxf4 gxf4 43. Bd1 Bxd5 44. Kf2 Be4 45. Bb3 Ke5 46. Ba2 Bb7
47. Bb3 Bc6 48. Ba2 Be4 49. Bb3 Kf6 50. Ba2 Ke7 51. Bb3 Kd7 52. Ba2 Kc6 53. Be6
d5 54. Ke2 Kc5 55. Bc8 Kc4 56. Kd2 Kb3 57. Be6 Bxg2 58. Bxf5 f3 0-1

[Event "World Open: Open Section"]
[Site "Philadelphia, PA"]
[Date "2002.07.06"]
[Round "6"]
[White "Morovic, Ivan"]
[Black "Strugatsky, Vladimir"]
[Result "1/2-1/2"]
[WhiteElo "2615"]
[BlackElo "2495"]
[PlyCount "107"]
[EventDate "2002.??.??"]

1. e4 e6 2. d4 d5 3. Nd2 Nf6 4. e5 Nfd7 5. Bd3 c5 6. c3 Nc6 7. Ne2 cxd4 8. cxd4
f6 9. exf6 Nxf6 10. Nf3 Bd6 11. O-O Qc7 12. Bg5 O-O 13. Bh4 Nh5 14. Qc2 h6 15.
Bg6 Rxf3 16. gxf3 Bxh2+ 17. Kh1 Nf4 18. Ng3 Qb6 19. Rac1 Bd7 20. Kxh2 Nxd4 21.
Qc7 Nxf3+ 22. Kh1 Nxg6 23. Qxd7 Nf8 24. Qa4 Ng6 25. Be7 Nxe7 26. Qa3 Nd2 27.
Qxe7 Nxf1 28. Rxf1 Rf8 29. Nh5 Qd4 30. Qxe6+ Kh8 31. Qe2 Rf5 32. f4 Qe4+ 33.
Qxe4 Rxh5+ 34. Kg2 dxe4 35. Re1 Rc5 36. Rxe4 Rc2+ 37. Kg3 Rxb2 38. Re7 Kg8 39.
Kg4 Kf8 40. Rc7 g6 41. Rh7 a5 42. a4 Rb4 43. Rxh6 Kg7 44. Kg5 Rxa4 45. Rxg6+
Kf7 46. f5 Rb4 47. Rf6+ Ke7 48. Re6+ Kd7 49. Re5 a4 50. f6 Rb1 51. f7 Rf1 52.
Kg6 Kd6 53. Rb5 Rg1+ 54. Kf6 1/2-1/2

[Event "World Open: Open Section"]
[Site "Philadelphia, PA"]
[Date "2002.07.06"]
[Round "6"]
[White "Paschall, William"]
[Black "Anderson, Renard W"]
[Result "1-0"]
[WhiteElo "2467"]
[BlackElo "2258"]
[PlyCount "69"]
[EventDate "2002.??.??"]

1. Nf3 c5 2. e4 d6 3. d4 cxd4 4. Nxd4 Nf6 5. Nc3 a6 6. Bc4 e6 7. Bb3 Nbd7 8. f4
Nc5 9. Qf3 Be7 10. Be3 Qc7 11. f5 O-O 12. O-O Kh8 13. Kh1 b5 14. fxe6 fxe6 15.
a3 Bd7 16. Qe2 Rae8 17. Bg1 Bd8 18. Ba2 Bc8 19. Qe3 Qb7 20. b4 Ncxe4 21. Nxe4
Nxe4 22. Rxf8+ Rxf8 23. Nxe6 Bxe6 24. Bxe6 Ng5 25. Bb3 h6 26. Rd1 Qc6 27. Qd3
Be7 28. Bd5 Qc8 29. c4 Qg4 30. Rf1 Rb8 31. h3 bxc4 32. Qe3 Qh5 33. Qxe7 Nxh3
34. Rf8+ Rxf8 35. Qxf8+ 1-0

[Event "World Open: Open Section"]
[Site "Philadelphia, PA"]
[Date "2002.07.06"]
[Round "7"]
[White "Bartholomew, John"]
[Black "Bonin, Jay R"]
[Result "0-1"]
[WhiteElo "2246"]
[BlackElo "2376"]
[PlyCount "118"]
[EventDate "2002.??.??"]

1. e4 c5 2. Nf3 Nc6 3. d4 cxd4 4. Nxd4 e5 5. Nb5 d6 6. N1c3 a6 7. Na3 Be6 8.
Nc4 Rc8 9. Ne3 Nd4 10. Bd3 Ne7 11. O-O g6 12. Ncd5 Bxd5 13. exd5 Bg7 14. c3
Ndf5 15. Nxf5 Nxf5 16. Bxf5 gxf5 17. f4 Qb6+ 18. Kh1 e4 19. Qa4+ Qb5 20. Qxb5+
axb5 21. a3 h5 22. Be3 Kd7 23. Kg1 Bf6 24. Kf2 Rhg8 25. Rg1 Ra8 26. g3 Ra6 27.
Rad1 Bd8 28. Bd4 Bb6 29. Ke3 Bxd4+ 30. Rxd4 Ra4 31. Rgd1 h4 32. Rxa4 bxa4 33.
Kf2 hxg3+ 34. hxg3 Re8 35. Kg2 Rc8 36. Kf2 Ke7 37. Rd4 Rc5 38. Ke3 Rb5 39. g4
fxg4 40. Rxe4+ Kf6 41. f5 Kxf5 42. Rf4+ Kg5 43. Rxf7 Rxb2 44. Rg7+ Kf5 45. Rf7+
Ke5 46. Rg7 Kxd5 47. Rxg4 b5 48. Kd3 Ra2 49. Rg5+ Kc6 50. c4 Rxa3+ 51. Kd4 b4
52. c5 b3 53. Kc3 dxc5 54. Kb2 Ra2+ 55. Kb1 Rh2 56. Rg1 a3 57. Rf1 c4 58. Rf6+
Kd5 59. Rf1 c3 0-1

[Event "World Open: Open Section"]
[Site "Philadelphia, PA"]
[Date "2002.07.06"]
[Round "7"]
[White "Hanken, Jerome B"]
[Black "Stancil, Kimani A"]
[Result "1-0"]
[WhiteElo "2205"]
[BlackElo "2137"]
[PlyCount "71"]
[EventDate "2002.??.??"]

1. c4 Nf6 2. g3 g6 3. Bg2 Bg7 4. Nc3 c5 5. e3 O-O 6. Nge2 d6 7. O-O Ne8 8. d4
cxd4 9. exd4 Nc6 10. Be3 e5 11. dxe5 Nxe5 12. Bd4 Nxc4 13. Bxg7 Nxg7 14. b3 Ne5
15. Ne4 d5 16. Qxd5 Qe7 17. N2c3 Rd8 18. Qc5 Qxc5 19. Nxc5 Nc6 20. Rad1 Ne6 21.
Rxd8+ Nexd8 22. Rd1 Ne6 23. N5e4 Ned4 24. b4 a6 25. a4 Ne6 26. Nd5 Nf8 27. b5
axb5 28. axb5 Ne5 29. Nb6 Ra5 30. Nxc8 Rxb5 31. Nf6+ Kg7 32. Ne8+ Kh6 33. f4
Ng4 34. Ncd6 Rb3 35. Nxf7+ Kh5 36. Ng7# 1-0

[Event "World Open: Open Section"]
[Site "Philadelphia, PA"]
[Date "2002.07.06"]
[Round "7"]
[White "Ritvin, Stanislav"]
[Black "Rohde, Michael A"]
[Result "1/2-1/2"]
[WhiteElo "2318"]
[BlackElo "2508"]
[PlyCount "94"]
[EventDate "2002.??.??"]

1. Nf3 d6 2. d4 Bg4 3. g3 Bxf3 4. exf3 e6 5. Bg2 Ne7 6. O-O g6 7. Re1 Bg7 8. d5
exd5 9. Qxd5 Nbc6 10. c3 O-O 11. Qb3 Na5 12. Qa4 c6 13. Bg5 Re8 14. Bxe7 Rxe7
15. Rxe7 Qxe7 16. Na3 Qd8 17. b4 Nc4 18. Nxc4 b5 19. Qb3 bxc4 20. Qxc4 d5 21.
Qc5 Qb6 22. Rc1 Qxc5 23. bxc5 Bf8 24. f4 Rc8 25. c4 d4 26. Be4 Bxc5 27. Kg2 Bb4
28. Rb1 c5 29. a3 Bxa3 30. Ra1 Bb4 31. Rxa7 Rd8 32. Ra8 Rxa8 33. Bxa8 d3 34.
Kf3 Kf8 35. Bd5 Ke7 36. Ke3 d2 37. Ke2 f6 38. Kd1 Bc3 39. Ke2 Kd6 40. Kd1 h6
41. Ke2 Ba5 42. Bf7 g5 43. fxg5 fxg5 44. f4 gxf4 45. gxf4 Ke7 46. Bd5 Kf6 47.
Be4 Bc7 1/2-1/2

[Event "World Open: Open Section"]
[Site "Philadelphia, PA"]
[Date "2002.07.06"]
[Round "7"]
[White "Sarkar, Justin"]
[Black "Mac Intyre, Paul"]
[Result "1-0"]
[WhiteElo "2435"]
[BlackElo "2309"]
[PlyCount "77"]
[EventDate "2002.??.??"]

1. d4 Nf6 2. c4 g6 3. Nc3 Bg7 4. e4 d6 5. f3 O-O 6. Bg5 h6 7. Bh4 c5 8. d5 e6
9. Bd3 exd5 10. cxd5 Nbd7 11. Nge2 a6 12. a4 Qa5 13. Bc2 Re8 14. O-O c4 15. Qd2
Nc5 16. Bf2 Bd7 17. Bd4 h5 18. Qf4 Re5 19. Bxe5 dxe5 20. Qd2 Qb6 21. a5 Ncxe4+
22. axb6 Nxd2 23. Rfd1 Bh6 24. Kf2 Ne8 25. Ba4 Bf5 26. Ng3 Nd6 27. Ke2 Nb3 28.
Bxb3 cxb3 29. Nce4 Bxe4 30. Nxe4 Nf5 31. d6 Nd4+ 32. Kf2 Rd8 33. d7 Nc2 34. Ra5
Be3+ 35. Ke2 Bd4 36. Nc5 Bxc5 37. Rxc5 Nd4+ 38. Rxd4 exd4 39. Rc8 1-0

[Event "World Open: Open Section"]
[Site "Philadelphia, PA"]
[Date "2002.07.06"]
[Round "7"]
[White "Shapiro, Daniel E"]
[Black "Paschall, William"]
[Result "0-1"]
[WhiteElo "2321"]
[BlackElo "2467"]
[PlyCount "76"]
[EventDate "2002.??.??"]

1. d4 e6 2. c4 b6 3. e4 Bb7 4. Bd3 Nc6 5. Ne2 Nb4 6. O-O Nxd3 7. Qxd3 d6 8.
Nbc3 Ne7 9. Be3 Qd7 10. Rfd1 g6 11. f3 Bg7 12. d5 O-O 13. Rac1 a5 14. b3 e5 15.
f4 f5 16. Rc2 Rf7 17. Rcd2 Re8 18. fxe5 Bxe5 19. Bd4 fxe4 20. Nxe4 Nf5 21. Bxe5
Rxe5 22. Nf4 Qe7 23. Ne6 Bc8 24. N6g5 Rf8 25. Re2 Nh4 26. Qg3 h6 27. Qxh4 hxg5
28. Qh6 Bg4 29. Rde1 Bxe2 30. Rxe2 Qg7 31. Qxg7+ Kxg7 32. Nc3 Rxe2 33. Nxe2 Kf6
34. Kf2 Ke5+ 35. Ke3 Rf1 36. Nc3 Rg1 37. Kf3 Rc1 38. Nb5 Rc2 0-1

[Event "World Open: Open Section"]
[Site "Philadelphia, PA"]
[Date "2002.07.06"]
[Round "7"]
[White "Yusupov, Artur"]
[Black "Burnett, Ronald W"]
[Result "1-0"]
[WhiteElo "2699"]
[BlackElo "2472"]
[PlyCount "57"]
[EventDate "2002.??.??"]

1. d4 Nf6 2. Nf3 e6 3. e3 b6 4. Bd3 Bb7 5. O-O d5 6. Ne5 Be7 7. b3 O-O 8. Nd2
Nbd7 9. f4 Ne4 10. Nxe4 dxe4 11. Bc4 Bd5 12. Ba6 Nb8 13. Be2 f6 14. Ng4 g6 15.
c4 Bb7 16. Bb2 Nd7 17. Qc2 f5 18. Ne5 Nxe5 19. fxe5 Bg5 20. Qc3 Bh6 21. Rad1 c6
22. Ba3 Rf7 23. g3 a5 24. Bd6 Ba6 25. Rfe1 Bf8 26. d5 cxd5 27. cxd5 Bxd6 28.
exd6 Rd7 29. Bxa6 1-0

[Event "World Open: Open Section"]
[Site "Philadelphia, PA"]
[Date "2002.07.06"]
[Round "7"]
[White "Zaitshik, Gennadi"]
[Black "Lymar, Vladimir"]
[Result "1/2-1/2"]
[WhiteElo "2578"]
[BlackElo "2330"]
[PlyCount "90"]
[EventDate "2002.??.??"]

1. Nf3 Nf6 2. g3 g6 3. Bg2 Bg7 4. O-O O-O 5. c4 d6 6. Nc3 c6 7. d4 Qa5 8. e4
Bg4 9. h3 Bxf3 10. Bxf3 e5 11. Be3 Nbd7 12. Rb1 Qc7 13. d5 Kh8 14. Qd2 c5 15.
Be2 Rae8 16. Bd3 Ng8 17. Kh2 f5 18. exf5 gxf5 19. f4 e4 20. Be2 Ndf6 21. b4 b6
22. bxc5 bxc5 23. Rb3 Rb8 24. Nb5 Qd7 25. Qa5 Ne8 26. Qxa7 Qxa7 27. Nxa7 Rxb3
28. axb3 Bd4 29. Bg1 Nc7 30. Nc6 Bf6 31. b4 cxb4 32. Rb1 Ra8 33. Na7 Na6 34.
Kg2 Nc5 35. Nb5 Ra2 36. Kf1 b3 37. Bd1 b2 38. Bc2 Na4 39. Ke2 Nc3+ 40. Nxc3
Bxc3 41. g4 Nf6 42. gxf5 Ra8 43. Be3 Rc8 44. Bb3 Rb8 45. Bc2 Rc8 1/2-1/2

[Event "World Open: Open Section"]
[Site "Philadelphia, PA"]
[Date "2002.07.06"]
[Round "7"]
[White "Zugic, Igor"]
[Black "Stevens, Christian"]
[Result "1/2-1/2"]
[WhiteElo "2471"]
[BlackElo "2211"]
[PlyCount "54"]
[EventDate "2002.??.??"]

1. d4 d5 2. c4 e6 3. Nc3 Be7 4. Bf4 Nf6 5. e3 O-O 6. Nf3 c5 7. dxc5 Bxc5 8. a3
Nc6 9. cxd5 Nxd5 10. Nxd5 exd5 11. Bd3 Bb6 12. h3 h6 13. O-O Qf6 14. b4 a6 15.
Bc2 Bf5 16. Bxf5 Qxf5 17. Qb1 Qxb1 18. Raxb1 d4 19. b5 axb5 20. Rxb5 Ra6 21.
exd4 Nxd4 22. Nxd4 Bxd4 23. Rxb7 Bc5 24. Rc1 Bxa3 25. Ra1 Rfa8 26. Rb8+ Rxb8
27. Bxb8 Rb6 1/2-1/2

[Event "World Open"]
[Site "Philadelphia"]
[Date "2002.07.01"]
[Round "1"]
[White "Privman, Boris"]
[Black "Yusupov, Artur"]
[Result "0-1"]
[WhiteElo "2265"]
[BlackElo "2699"]
[PlyCount "40"]
[EventDate "2002.??.??"]

1. d4 e6 2. c4 f5 3. g3 Nf6 4. Bg2 d5 5. b3 c6 6. Nf3 Bd6 7. O-O Qe7 8. Bb2 O-O
9. Qc1 b6 10. Ne5 Bb7 11. Nd3 Nbd7 12. Nd2 Rac8 13. b4 c5 14. dxc5 bxc5 15.
bxc5 Nxc5 16. Bxf6 Qxf6 17. Qa3 Qe7 18. cxd5 Ne4 19. Qa5 Bxd5 20. Nf4 Rc5 0-1

[Event "World Open"]
[Site "Philadelphia"]
[Date "2002.07.01"]
[Round "1"]
[White "Yermolinsky, Alex"]
[Black "Aravena, Peter"]
[Result "1-0"]
[WhiteElo "2642"]
[BlackElo "2251"]
[PlyCount "57"]
[EventDate "2002.??.??"]

1. d4 Nf6 2. Nf3 e6 3. c4 Bb4+ 4. Nbd2 O-O 5. a3 Be7 6. e4 d5 7. Bd3 dxe4 8.
Nxe4 Bd7 9. Qc2 h6 10. Be3 Nxe4 11. Bxe4 Bc6 12. d5 exd5 13. O-O-O Qe8 14. Bxd5
Ba4 15. Qg6 Kh8 16. Qh5 Bxd1 17. Bxh6 Bxf3 18. Bxg7+ Kxg7 19. gxf3 Rg8 20. Rg1+
Kf6 21. Qh4+ Ke5 22. Rxg8 Qd7 23. Qe4+ Kd6 24. Bxb7 c6 25. Qf4+ Kc5 26. Qe3+
Kd6 27. Bxa8 Qf5 28. Qd4+ Ke6 29. Qg4 1-0